LEADER 01049nam0 2200253 450 001 000007029 005 20060404095435.0 010 $a88-14-11014-X 100 $a20060404d2004----km-y0itay50------ba 101 0 $aita 102 $aIT 105 $ay-------001yy 200 1 $a<>tutela penale in materia religiosa nella giurisprudenza$fMaria Cristina Ivaldi 210 $aMilano$cGiuffrè$d2004 215 $aX, 305 p.$d24 cm 225 2 $aPubblicazioni del Dipartimento di teoria dello Stato dell'Università degli studi di Roma La Sapienza, Biblioteca di diritto pubblico Egidio Tosato$v0008 410 0$12001$aPubblicazioni del Dipartimento di teoria dello Stato dell'Università degli studi di Roma La Sapienza, Biblioteca di diritto pubblico Egidio Tosato 676 $a342.450852$v20 700 1$aIvaldi,$bMaria Cristina$0286832 801 0$aIT$bUNIPARTHENOPE$c20060404$gRICA$2UNIMARC 912 $a000007029 951 $aR-0089$b430$cNAVA3 996 $aTutela penale in materia religiosa nella giurisprudenza$9669622 997 $aUNIPARTHENOPE LEADER 01458oam 2200445zu 450 001 9910164287203321 005 20210807002200.0 010 $a0-8031-5407-0 035 $a(CKB)3170000000044316 035 $a(SSID)ssj0001489592 035 $a(PQKBManifestationID)11995351 035 $a(PQKBTitleCode)TC0001489592 035 $a(PQKBWorkID)11453415 035 $a(PQKB)11583694 035 $a(NjHacI)993170000000044316 035 $a(EXLCZ)993170000000044316 100 $a20160829d1999 uy 101 0 $aeng 135 $aur||||||||||| 181 $ctxt 182 $cc 183 $acr 200 00$aAdvances in the Production and Use of Steel with Improved Internal Cleanliness 210 31$a[Place of publication not identified]$cAmerican Society for Testing & Materials$d1999 215 $a1 online resource (ix, 93 pages) 225 1 $aASTM special technical publication ;$v1361 300 $aBibliographic Level Mode of Issuance: Monograph 311 $a0-8031-2605-0 410 0$aASTM special technical publication ;$v1361. 606 $aSteel industry and trade$vPeriodicals 606 $aSteel$vPeriodicals 615 0$aSteel industry and trade 615 0$aSteel 676 $a672.2 702 $aMahoney$b John K 801 0$bPQKB 906 $aBOOK 912 $a9910164287203321 996 $aAdvances in the Production and Use of Steel with Improved Internal Cleanliness$92101363 997 $aUNINA